| 000 -ლიდერი |
| ფიქსირებული სიგრძის საკონტროლო ველი |
01474nam a2200253Ia 4500 |
| 001 - საკონტროლო ნომერი |
| საკონტროლო ველი |
17269 |
| 003 - საკონტროლო ნომრის იდენტიფიკატორი |
| საკონტროლო ველი |
GE_BSU |
| 005 - ბოლო ოპერაციის თარიღი და დრო |
| საკონტროლო ველი |
20200210121207.0 |
| 008 - ფიქსირებული სიგრძის მონაცემთა ელემენტები - ზოგადი ინფორმაცია |
| ფიქსირებული სიგრძის საკონტროლო ველი |
181216s2012ge xx |||||||||||||| ||geo|| |
| 040 ## - კატალოგიზაციის წყარო |
| Transcribing agency |
GE_BSU |
| 041 ## - ენის კოდი |
| Language code of text/sound track or separate title |
geo |
| 080 ## - უნივერსალური ათობითი კლასიფიკაციის ინდექსი |
| Universal Decimal Classification number |
244 შ-79 |
| 100 ## - მთავარი ჩანაწერი - პიროვნების სახელი |
| Personal name |
შნაიდერი, ჰელმუტ. |
| 9 (RLIN) |
6932 |
| 245 ## - ცნობა სათაურის შესახებ |
| Title |
ძენ-ბუდიზმის ესთეტიკა. ვაბი-საბი და მშვენიერების ევროპული იდეა = Aesthetics of Zen-Buddhizm. Wabi-Sabi and the european idea of beauty / |
| Statement of responsibility, etc |
ჰელმუტ შნაიდერი ; გერმ. თარგმნა გიორგი თავაძემ ; რედ.-გამომც . თენგიზ ირემაძე. |
| 250 ## - გამოცემის ცნობა |
| Edition statement |
I-ლი გამოც. |
| 264 ## - წარმოების, გამოცემის, დისტრიბუციის და სხვა ცნობები |
| გამოცემის, წარმოების, დისტრიბუციის... ადგილი |
თბილისი : |
| გამოცემის, წარმოების, დისტრიბუციის... სახელწოდება |
ნეკერი, |
| გამოცემის, წარმოების, დისტრიბუციის... თარიღი |
2012 |
| 300 ## - ფიზიკური აღწერა |
| Extent |
44 გვ.: |
| Other physical details |
+ 2 ჩართ. ფ. ილ. ; |
| Dimensions |
14 სმ. |
| 653 ## - INDEX TERM--UNCONTROLLED |
| Uncontrolled term |
რელიგია |
| 653 ## - INDEX TERM--UNCONTROLLED |
| Uncontrolled term |
ძენ-ბუდიზმი |
| 700 ## - ADDED ENTRY--PERSONAL NAME |
| Personal name |
თავაძე, გიორგი |
| Relator term |
მთარგმნელი |
| 9 (RLIN) |
2230 |
| 700 ## - ADDED ENTRY--PERSONAL NAME |
| Personal name |
ირემაძე, თენგიზ |
| Relator term |
რედაქტორ გამომცემელი |
| 9 (RLIN) |
2229 |
| 710 ## - ADDED ENTRY--CORPORATE NAME |
| Relator term |
გრ. რობაქიძის სახ. უნ-ტი, ფილოს. და სოციალ. მეცნ. კვლევითი ინ-ტი |
| 9 (RLIN) |
6935 |
| 942 ## - ADDED ENTRY ELEMENTS (KOHA) |
| Koha item type |
წიგნი |
| Source of classification or shelving scheme |
|